000 00641nam a22002417a 4500
003 UA-OsUOA
001 59987
007 ta
008 20090430b un ||||| |||| 00| 0 ukr d
100 _aКостюченко В.
090 _a82.09(477)
_bК72
942 _cBK
040 _aUA-OsUOA
_bukr
_cUA-OsUOA
_dUA-OsUOA
245 _aБіль аж до краю дороги
_bЕсе
300 _a276 с.
955 _a2
041 _aukr
080 _a82.09(477)
020 _a966-7671-70-4
260 _aК.
_bПульсари
_c2004
650 7 _a82 Література. Літературознавство
_2UDC
999 _c345965
_d345965